Unsteady Aerodynamics, Aeroacollstics, and Aeroelasticity of Turbomachines and Propellers / (Record no. 606815)

000 -LEADER
fixed length control field 00389nam a22001337a 4500
040 ## - CATALOGING SOURCE
Transcribing agency NUST
082 ## - DEWEY DECIMAL CLASSIFICATION NUMBER
Classification number 629.1323
Author Mark VER
100 ## - MAIN ENTRY--PERSONAL NAME
Personal name Verdon, Joseph M.
9 (RLIN) 118632
245 ## - TITLE STATEMENT
Title Unsteady Aerodynamics, Aeroacollstics, and Aeroelasticity of Turbomachines and Propellers /
Statement of responsibility, etc. Joseph M. Verdon
260 ## - PUBLICATION, DISTRIBUTION, ETC.
Place of publication, distribution, etc. New York :
Name of publisher, distributor, etc. Springer ;
Date of publication, distribution, etc. 1993.
300 ## - PHYSICAL DESCRIPTION
Extent 888p.
521 ## - TARGET AUDIENCE NOTE
Source HB
942 ## - ADDED ENTRY ELEMENTS (KOHA)
Source of classification or shelving scheme
Koha item type Book
Holdings
Withdrawn status Lost status Source of classification or shelving scheme Damaged status Not for loan Permanent Location Current Location Shelving location Date acquired Total Checkouts Full call number Barcode Date last seen Price effective from Koha item type
          School of Mechanical & Manufacturing Engineering (SMME) School of Mechanical & Manufacturing Engineering (SMME) Aerospace Engineering 11/23/2023   629.1323 VER SMME-4435 11/23/2023 11/23/2023 Book
          School of Mechanical & Manufacturing Engineering (SMME) School of Mechanical & Manufacturing Engineering (SMME) Aerospace Engineering 11/23/2023   629.1323 VER SMME-4436 11/23/2023 11/23/2023 Book
          School of Mechanical & Manufacturing Engineering (SMME) School of Mechanical & Manufacturing Engineering (SMME) Aerospace Engineering 11/23/2023   629.1323 VER SMME-4437 11/23/2023 11/23/2023 Book
© 2023 Central Library, National University of Sciences and Technology. All Rights Reserved.